Construction Planning Equipment & Methods: (Record no. 183386)
[ view plain ]
| 000 -LEADER | |
|---|---|
| fixed length control field | 00775 a2200217 4500 |
| 005 - DATE AND TIME OF LATEST TRANSACTION | |
| control field | 20211224101530.0 |
| 010 ## - LCCN (DPL NO) | |
| LC control number | ENG-130576 |
| 020 ## - INTERNATIONAL STANDARD BOOK NUMBER | |
| International Standard Book Number | 978-93-5460-212-2 |
| Terms of availability | 1599.00 |
| 035 ## - SYSTEM CONTROL NUMBER | |
| System control number | EN-114108 |
| 037 ## - SOURCE OF ACQUISITION | |
| Source of stock number/acquisition | DBAD/PUB |
| 082 ## - DEWEY DECIMAL CLASSIFICATION NUMBER | |
| Classification number | 681.76 |
| Item number | 1 |
| 100 ## - MAIN ENTRY--PERSONAL NAME | |
| Personal name | Peurifoy, Robert L. |
| 245 ## - TITLE STATEMENT | |
| Title | Construction Planning Equipment & Methods: |
| Statement of responsibility, etc | Robert L. Peurifoy, Clifford J. Schexnayder, Robert L. Schmitt, Aviad Shapira |
| 260 ## - PUBLICATION, DISTRIBUTION, ETC. (IMPRINT) | |
| Place of publication, distribution, etc | Chennai |
| Name of publisher, distributor, etc | McGraw Hill Education(india) Private Limited |
| Date of publication, distribution, etc | 2022 |
| 270 ## - ADDRESS | |
| Address | Anjana Complex No.5 /90 A, Butt Road, St. Thomas Mount |
| City | Chennai |
| Postal code | 600016 |
| 300 ## - PHYSICAL DESCRIPTION | |
| Extent | 832p. |
| Dimensions | 24cm (hbk) |
| 700 ## - ADDED ENTRY--PERSONAL NAME | |
| Personal name | Schexnayder, Clifford J. |
| 700 ## - ADDED ENTRY--PERSONAL NAME | |
| Personal name | Schmitt, Robert L. |
| 700 ## - ADDED ENTRY--PERSONAL NAME | |
| Personal name | Aviad Shapira |
| 942 ## - ADDED ENTRY ELEMENTS (KOHA) | |
| Institution code [OBSOLETE] | dpl |
| Item type | English Books |
| Source of classification or shelving scheme | Dewey Decimal Classification |
| Classification part | 681.76 |
| Call number suffix | PEU |
| Withdrawn status | Lost status | Not for loan | Collection code | Home library | Current library | Date acquired | Source of acquisition | Cost, normal purchase price | Full call number | Barcode | Copy number | Cost, replacement price | Koha item type |
|---|---|---|---|---|---|---|---|---|---|---|---|---|---|
| Non-fiction | Mobile Library | Mobile Library | 24/12/2021 | DBAD/PUB | 1599.00 | 681.76 PEU | EN-114108 | 1 | 1599.00 | English Books |
